Tài chánh công
Sách trình bày các vấn đề về quản trị công tài, công phí, chính sách tài chính và mức hoạt động kinh tế, công trái và khối tiền tệ, ...
Gardado en:
| Autor Principal: | |
|---|---|
| Formato: | Libro |
| Idioma: | Undetermined |
| Publicado: |
Sài Gòn
Trung tâm nghiên cứu Việt Nam
1963
|
| Những chủ đề: | |
| Các nhãn: |
Engadir etiqueta
Sen Etiquetas, Sexa o primeiro en etiquetar este rexistro!
|
| Thư viện lưu trữ: | Trung tâm Học liệu Trường Đại học Cần Thơ |
|---|
| LEADER | 00740nam a2200193Ia 4500 | ||
|---|---|---|---|
| 001 | CTU_204729 | ||
| 008 | 210402s9999 xx 000 0 und d | ||
| 082 | |a 336 | ||
| 082 | |b T245 | ||
| 100 | |a Taylor, Philip E. | ||
| 245 | 0 | |a Tài chánh công | |
| 245 | 0 | |c Philip E. Taylor | |
| 260 | |a Sài Gòn | ||
| 260 | |b Trung tâm nghiên cứu Việt Nam | ||
| 260 | |c 1963 | ||
| 520 | |a Sách trình bày các vấn đề về quản trị công tài, công phí, chính sách tài chính và mức hoạt động kinh tế, công trái và khối tiền tệ, ... | ||
| 650 | |a Finance, Public,Tài chính công | ||
| 904 | |i Hải | ||
| 980 | |a Trung tâm Học liệu Trường Đại học Cần Thơ | ||